[Event "WYCC 2018 G18"]
[Site "Halkidiki"]
[Date "2018.10.30"]
[Round "11"]
[White "Obolentseva, Alexandra"]
[Black "Kiolbasa, Oliwia"]
[Result "1-0"]
[WhiteElo "2298"]
[BlackElo "2254"]
[Annotator "TA"]
[PlyCount "83"]
[EventDate "2018.10.20"]
[EventType "swiss"]
[EventCountry "GRE"]
[SourceTitle "playchess.com"]
[Source "ChessBase"]
[SourceQuality "1"]

{[%evp 17,83,22,27,26,29,0,0,-20,-2,-16,-8,-20,0,-17,-14,-18,-17,-33,0,-3,0,-17,40,-31,-38,-37,-17,-75,-66,-55,-65,-100,-31,-50,-39,-62,-45,-47,-39,-37,-46,-57,0,0,30,34,120,120,70,0,77,42,170,135,118,108,575,607,589,563,554,532,29994,29995,29995,29996,29996,29997]} 1. c4 b6 2. d4 Bb7 3. Nc3 Nf6 4. Qc2 d5 5. cxd5 Nxd5 6. e4 Nxc3 {A50: Queen's Fianchetto Defence (1 d4 Nf6 2 c4 b6)} 7. bxc3 e6 (7... e5 8. Nf3 Nd7 9. Bc4 Bd6 10. Ng5 O-O 11. O-O Be7 12. f4 Bxg5 13. fxg5 Qe7 14. Bd3 exd4 15. cxd4 {½-½ (38) Le,Q (2737)-Iturrizaga Bonelli,E (2650) chess.com INT 2018}) 8. Nf3 Be7 9. Bb5+ {[%cal Bf1b5,Bb5a4,Ba4b3,Bb3c2][%mdl 32]} (9. Bd3 c5 10. O-O cxd4 11. cxd4 O-O 12. Bb2 Nc6 13. Qe2 Rc8 14. Rac1 {½-½ (35) Obolentseva,A (2301)-Kiolbasa,O (2213) Riga 2018}) 9... c6 {LiveBook: 30 Games} 10. Ba4 b5 $146 ({Predecessor:} 10... O-O 11. O-O Nd7 12. Rd1 Qc7 13. Qe2 b5 14. Bc2 {0-1 (64) Rogozenco,T (2104)-Tomilova,E (2305) Mamaia 2016}) 11. Rb1 Qc7 12. Qb2 O-O 13. O-O Nd7 14. Rd1 Nb6 15. Bb3 c5 {[%cal Bc6c5,Bc5c4][%mdl 32]} 16. Qe2 a6 17. Ne5 c4 18. Bc2 Bd6 19. Nf3 h6 (19... f5 $11) 20. d5 (20. e5 $14 Be7 21. Bd2) 20... exd5 $15 21. e5 $1 {[%cal Re5d6]} Rfe8 {[%cal Rd6e5]} 22. Be3 (22. Re1 $11) 22... Bf8 23. Bf4 Nd7 24. Qd2 {Black must now prevent e6!} Qc8 (24... Nxe5 $17 25. Bxe5 Rxe5 26. Nxe5 Qxe5) 25. Re1 Nc5 26. Nd4 Ne4 27. Qe3 Qd7 28. f3 {[%cal Bf2f3,Bf3f4,Bf4f5][%mdl 32]} Nc5 29. Qf2 Ne6 (29... Nd3 $15 30. Bxd3 cxd3) 30. Be3 $11 Nxd4 31. Bxd4 Qc6 {[#]} (31... a5 $14) 32. f4 $1 $16 {[%mdl 1024] White has strong compensation.} Bc8 33. Rbd1 ({White should try} 33. f5 $14) 33... a5 (33... Bg4 $11 {remains equal.} 34. Rb1 g6) 34. f5 Kh8 ({Black should play} 34... b4 $14) 35. Re3 b4 36. Rh3 Rb8 $2 {[%mdl 8192] [#]} (36... Qc7 $16 {is more resistant.}) 37. e6 $1 $18 {[%mdl 512]} f6 {[#]} (37... fxe6 38. Rxh6+) 38. Rxh6+ $1 {[%mdl 512]} gxh6 39. Bxf6+ Kh7 40. Qg3 {[%csl Gc2,Gf5][%cal Rg3g6] White mates.} Bc5+ 41. Kh1 {[%csl Gf6][%cal Rg3g7]} Rg8 42. Bg7 {Precision: White = 40%, Black = 37%.} (42. Qxb8 Bd6 $18) 1-0

[Event "WYCC 2018 G18"]
[Site "Halkidiki"]
[Date "2018.10.30"]
[Round "11"]
[White "Avramidou, Anastasia"]
[Black "Gajcin, Marina"]
[Result "1/2-1/2"]
[WhiteElo "2285"]
[BlackElo "2153"]
[Annotator "NA"]
[PlyCount "77"]
[EventDate "2018.10.20"]
[EventType "swiss"]
[EventCountry "GRE"]
[SourceTitle "playchess.com"]
[Source "ChessBase"]
[SourceQuality "1"]
[TimeControl "40/5400+30:1800+30"]

1. d3 {[%emt 0:00:00]} g6 {[%emt 0:00:28]} 2. Nf3 {[%emt 0:00:00]} Bg7 {[%emt 0:00:06]} 3. g3 {[%emt 0:00:00]} d5 {[%emt 0:00:54]} 4. Bg2 {[%emt 0:00:00]} Nf6 {[%emt 0:00:40]} 5. O-O {[%emt 0:00:00]} O-O {[%emt 0:00:03]} 6. Nbd2 {[%emt 0:00:04]} c5 {[%emt 0:02:06]} 7. e4 {[%emt 0:00:23]} Nc6 {[%emt 0:07:04]} 8. Qe2 {[%emt 0:03:49] A08: King's Indian Attack} Bg4 {[%emt 0:07:19]} 9. c3 {[%emt 0:01:25]} dxe4 {[%emt 0:06:17]} 10. dxe4 {[%emt 0:00:36]} Qc8 {[%emt 0:05:52]} 11. Re1 {[%emt 0:01:13]} Rd8 $146 {[%emt 0:02:45]} ({Predecessor:} 11... Rb8 12. Qf1 b5 13. h3 Bxf3 14. Nxf3 e5 15. Nh2 Qc7 {1-0 (41) Epishin,V (2577)-Nowik,V (2171) Neustadt an der Weinstrasse 2008}) 12. Nc4 {[%emt 0:07:36]} Nd7 {[%emt 0:23:38]} 13. Ne3 {[%emt 0:04:49]} Bxf3 {[%emt 0:00:45]} 14. Bxf3 {[%emt 0:00:08]} Nde5 {[%emt 0:00:47]} 15. Bg2 {[%emt 0:00:10]} b5 {[%emt 0:05:43]} 16. Nd5 {[%emt 0:15:42]} c4 {[%emt 0:02:23]} 17. a4 {[%emt 0:02:46]} b4 {[%emt 0:02:32]} 18. Bg5 {[%emt 0:11:58]} f6 {[%emt 0:02:54]} 19. Be3 {[%emt 0:00:26]} b3 {[%emt 0:02:03]} 20. Red1 {[%emt 0:08:11]} Nd3 {[%emt 0:05:42]} 21. e5 {[%emt 0:13:42]} Ndxe5 {[%emt 0:03:25]} 22. Bd4 {[%emt 0:01:21]} Re8 {[%emt 0:07:20]} 23. Nf4 {[%emt 0:02:49]} Rb8 {[%emt 0:01:20]} 24. Bh3 {[%emt 0:09:14]} f5 {[%emt 0:00:56]} 25. Bg2 {[%emt 0:00:15]} e6 {[%emt 0:03:23]} 26. Bxc6 {[%emt 0:03:00]} Nxc6 {[%emt 0:00:01]} 27. Bxg7 {[%emt 0:00:09]} Kxg7 {[%emt 0:00:01]} 28. Qxc4 {[%emt 0:00:11]} Kf7 {[%emt 0:00:47]} 29. Nd3 {[%emt 0:04:37]} Kg8 {[%emt 0:01:45]} 30. a5 {[%emt 0:02:21]} a6 {[%emt 0:00:53]} 31. Ra3 {[%emt 0:02:44]} Rb5 {[%emt 0:00:20]} 32. Rxb3 {[%emt 0:00:47]} Nxa5 {[%emt 0:03:11]} 33. Qxc8 Rxc8 34. Rxb5 {[%emt 0:01:38]} axb5 {[%emt 0:00:01]} 35. Re1 {[%emt 0:00:58]} Kf7 {[%emt 0:01:37]} 36. Re5 {[%emt 0:00:20]} Rb8 {[%emt 0:00:09]} 37. Rc5 {[%emt 0:00:30]} Rb7 {[%emt 0:00:10]} 38. Kf1 {[%emt 0:02:07]} Ke7 {[%emt 0:00:26]} 39. Ke2 $11 {[%emt 0:00:53]} 1/2-1/2

[Event "WYCC 2018 G18"]
[Site "Halkidiki"]
[Date "2018.10.30"]
[Round "11"]
[White "Sliwicka, Alicja"]
[Black "Radeva, Viktoria"]
[Result "1-0"]
[WhiteElo "2264"]
[BlackElo "2163"]
[Annotator "NA"]
[PlyCount "103"]
[EventDate "2018.10.20"]
[EventType "swiss"]
[EventCountry "GRE"]
[SourceTitle "playchess.com"]
[Source "ChessBase"]
[SourceQuality "1"]
[TimeControl "40/5400+30:1800+30"]

1. e4 {[%emt 0:00:00]} c5 {[%emt 0:00:00]} 2. Nf3 {[%emt 0:00:00]} e6 {[%emt 0:00:00]} 3. c4 {[%emt 0:00:00]} Nc6 {[%emt 0:06:51]} 4. Nc3 {[%emt 0:00:00]} e5 {[%emt 0:05:21]} 5. d3 {[%emt 0:00:08]} d6 {[%emt 0:00:26]} 6. Be2 {[%emt 0:00:08]} Be7 {[%emt 0:01:22] B40: Sicilian: 2...e6, Unusual lines} 7. O-O {[%emt 0:00:39]} Nf6 {[%emt 0:00:03]} 8. a3 {[%emt 0:02:59]} O-O {[%emt 0:00:35]} 9. Rb1 {[%emt 0:05:31]} Bg4 $146 {[%emt 0:14:10]} 10. Ne1 {[%emt 0:04:41]} Bxe2 {[%emt 0:02:35]} 11. Nxe2 {[%emt 0:01:34]} Ne8 {[%emt 0:08:43]} 12. b4 {[%emt 0:02:47]} b6 {[%emt 0:00:26]} 13. Nc2 {[%emt 0:07:59]} Nc7 {[%emt 0:02:43]} 14. Nc3 {[%emt 0:07:12]} Bg5 {[%emt 0:07:00]} 15. Be3 {[%emt 0:01:00]} Ne6 {[%emt 0:02:01]} 16. Nd5 {[%emt 0:01:55]} Ncd4 {[%emt 0:06:15]} 17. Bxd4 {[%emt 0:03:14]} cxd4 {[%emt 0:00:14]} 18. Qe2 {[%emt 0:17:08]} g6 {[%emt 0:04:53]} 19. g3 {[%emt 0:03:45]} h5 {[%emt 0:10:49]} 20. Kh1 {[%emt 0:03:25]} h4 {[%emt 0:04:50]} 21. f4 {[%emt 0:01:24]} Bh6 {[%emt 0:02:48]} 22. f5 {[%emt 0:02:15]} hxg3 {[%emt 0:07:20]} 23. Qg4 {[%emt 0:06:44]} g2+ {[%emt 0:04:27]} 24. Qxg2 {[%emt 0:01:08]} Ng7 {[%emt 0:04:27]} 25. fxg6 {[%emt 0:01:36]} Qg5 {[%emt 0:00:55]} 26. Nf6+ {[%emt 0:02:51]} Kh8 {[%emt 0:00:10]} 27. Qxg5 {[%emt 0:00:39]} Bxg5 {[%emt 0:00:02]} 28. Nh7 {[%emt 0:00:13]} Bf4 {[%emt 0:00:32]} 29. Nxf8 {[%emt 0:00:21]} Rxf8 {[%emt 0:00:04]} 30. Nxd4 {[%emt 0:00:49]} fxg6 {[%emt 0:00:18]} 31. Ne2 {[%emt 0:01:14]} g5 {[%emt 0:00:09]} 32. Nxf4 {[%emt 0:00:21]} gxf4 {[%emt 0:00:11]} 33. Rf3 {[%emt 0:00:31]} Kg8 $18 {[%emt 0:02:36]} 34. Rg1 {[%emt 0:00:14]} Kf7 {[%emt 0:02:32]} 35. Rh3 {[%emt 0:00:41]} Ne6 {[%emt 0:00:16]} 36. Rh7+ {[%emt 0:00:47]} Kf6 {[%emt 0:00:30]} 37. Rh6+ {[%emt 0:02:57]} Ke7 {[%emt 0:00:18]} 38. Rgg6 {[%emt 0:00:47]} Nd4 {[%emt 0:00:20]} 39. Rg7+ {[%emt 0:00:31]} Rf7 {[%emt 0:00:57]} 40. Rxf7+ {[%emt 0:00:00]} Kxf7 {[%emt 0:00:00]} 41. Kg2 {[%emt 0:00:44]} Ne6 {[%emt 0:01:11]} 42. Rh7+ {[%emt 0:01:27]} Ng7 {[%emt 0:00:02]} 43. Rh8 {[%emt 0:00:11]} Ne8 {[%emt 0:00:45]} 44. h4 {[%emt 0:00:22]} a5 {[%emt 0:00:15]} 45. h5 {[%emt 0:01:28]} Nf6 {[%emt 0:00:25]} 46. Rb8 {[%emt 0:00:43]} axb4 {[%emt 0:00:32]} 47. axb4 {[%emt 0:00:09]} Nxh5 {[%emt 0:00:04]} 48. Rxb6 {[%emt 0:00:10]} Ke7 {[%emt 0:00:08]} 49. Rb7+ {[%emt 0:00:18]} Ke6 {[%emt 0:00:19]} 50. b5 {[%emt 0:00:33]} Nf6 {[%emt 0:00:13]} 51. c5 {[%emt 0:01:00]} dxc5 {[%emt 0:00:45]} 52. Rb6+ {[%emt 0:00:17] Kd5} 1-0

[Event "WYCC 2018 G18"]
[Site "Halkidiki"]
[Date "2018.10.30"]
[Round "11"]
[White "Injac, Teodora"]
[Black "Arpita, Mukherjee"]
[Result "1/2-1/2"]
[WhiteElo "2258"]
[BlackElo "2147"]
[Annotator "ChessBase"]
[PlyCount "141"]
[EventDate "2018.10.20"]
[EventType "swiss"]
[EventCountry "GRE"]
[SourceTitle "playchess.com"]
[Source "ChessBase"]
[SourceQuality "1"]
[TimeControl "40/5400+30:1800+30"]

1. d4 {[%emt 0:00:00]} Nf6 {[%emt 0:00:00]} 2. Nf3 {[%emt 0:00:00]} g6 {[%emt 0:00:05]} 3. Nbd2 {[%emt 0:00:01]} d5 {[%emt 0:00:15]} 4. b4 {[%emt 0:01:05]} Bg7 {[%emt 0:00:21]} 5. Bb2 {[%emt 0:01:31]} a5 {[%emt 0:00:06]} 6. b5 {[%emt 0:01:21]} c5 {[%emt 0:00:22]} 7. dxc5 {[%emt 0:02:01]} Nbd7 {[%emt 0:02:47]} 8. c6 {[%emt 0:03:52]} bxc6 {[%emt 0:00:33]} 9. bxc6 {[%emt 0:00:04]} Nc5 {[%emt 0:07:16]} 10. e3 {[%emt 0:25:32]} O-O {[%emt 0:06:17]} 11. a4 {[%emt 0:09:45]} Ba6 {[%emt 0:22:26]} 12. Bb5 {[%emt 0:07:53]} Ne8 {[%emt 0:18:44]} 13. Bxg7 {[%emt 0:03:02]} Kxg7 {[%emt 0:00:24]} 14. Nb1 {[%emt 0:06:23]} Qd6 {[%emt 0:04:15]} 15. O-O {[%emt 0:01:46]} Nc7 {[%emt 0:02:46]} 16. Na3 {[%emt 0:00:31]} Rfb8 {[%emt 0:12:26]} 17. Qd4+ {[%emt 0:11:52]} f6 {[%emt 0:01:02]} 18. Rfb1 {[%emt 0:07:26]} e5 {[%emt 0:00:32]} 19. Qd2 {[%emt 0:01:25]} Ne4 {[%emt 0:01:21]} 20. Qe1 {[%emt 0:03:35]} f5 {[%emt 0:04:26]} 21. c4 {[%emt 0:00:55]} d4 {[%emt 0:00:58]} 22. exd4 {[%emt 0:01:11]} exd4 {[%emt 0:00:07]} 23. Rd1 {[%emt 0:00:37]} Ne6 {[%emt 0:01:03]} 24. Bxa6 {[%emt 0:04:13]} Rxa6 {[%emt 0:00:06]} 25. Nb5 {[%emt 0:00:02]} Qxc6 {[%emt 0:01:03]} 26. Nfxd4 {[%emt 0:00:26]} Qxc4 {[%emt 0:01:52]} 27. Nxe6+ {[%emt 0:01:11]} Rxe6 {[%emt 0:00:20]} 28. Qxa5 {[%emt 0:00:34]} Re7 {[%emt 0:01:41]} 29. Rdc1 {[%emt 0:01:25]} Qe2 {[%emt 0:02:09]} 30. Qe1 {[%emt 0:00:03]} Qxe1+ {[%emt 0:00:36]} 31. Rxe1 {[%emt 0:00:01]} Reb7 {[%emt 0:00:17]} 32. Rec1 {[%emt 0:00:37]} Ra8 {[%emt 0:00:52]} 33. f3 {[%emt 0:02:46]} Nd2 {[%emt 0:01:05]} 34. Rc7+ {[%emt 0:00:53]} Rxc7 {[%emt 0:00:08]} 35. Nxc7 {[%emt 0:00:01]} Ra5 {[%emt 0:00:50]} 36. Nb5 {[%emt 0:00:28]} Nb3 {[%emt 0:01:24]} 37. Ra2 {[%emt 0:01:01]} Nc5 {[%emt 0:00:19]} 38. Nc3 {[%emt 0:00:05]} Kf6 {[%emt 0:00:26]} 39. Rb2 {[%emt 0:02:46]} Ra6 {[%emt 0:04:39]} 40. Rb4 {[%emt 0:00:00]} Ke5 {[%emt 0:00:00]} 41. Rc4 {[%emt 0:04:24]} Ra5 {[%emt 0:05:59]} 42. f4+ {[%emt 0:05:54]} Kd6 {[%emt 0:01:54]} 43. Kf2 {[%emt 0:00:38]} Ra8 {[%emt 0:01:33]} 44. Kf3 {[%emt 0:03:18]} Kc6 {[%emt 0:03:43]} 45. h3 {[%emt 0:10:01]} Kd6 {[%emt 0:06:13]} 46. g4 fxg4+ {[%emt 0:00:48]} 47. hxg4 {[%emt 0:01:07]} Ne6 {[%emt 0:01:34]} 48. g5 {[%emt 0:02:14]} Rf8 {[%emt 0:01:42]} 49. Kg4 {[%emt 0:00:11]} Rf5 {[%emt 0:00:29]} 50. Rb4 {[%emt 0:01:32]} Kc6 {[%emt 0:03:00]} 51. Ne2 {[%emt 0:00:56]} Rd5 {[%emt 0:00:50]} 52. Rb8 {[%emt 0:01:23]} Rd2 {[%emt 0:00:32]} 53. Kf3 {[%emt 0:00:31]} Rd3+ {[%emt 0:00:31]} 54. Kf2 {[%emt 0:00:17]} Ra3 {[%emt 0:00:27]} 55. Ra8 {[%emt 0:01:25]} Nc5 {[%emt 0:01:42]} 56. Rh8 {[%emt 0:00:56]} Nd3+ {[%emt 0:00:55]} 57. Ke3 {[%emt 0:03:17]} Nc1+ {[%emt 0:01:01]} 58. Kd2 {[%emt 0:00:02]} Nxe2 {[%emt 0:00:05]} 59. Kxe2 {[%emt 0:00:05]} Rxa4 {[%emt 0:00:02]} 60. Ke3 {[%emt 0:00:24]} Ra7 {[%emt 0:00:09]} 61. Rd8 {[%emt 0:02:23]} Re7+ {[%emt 0:00:10]} 62. Kd4 {[%emt 0:00:36]} Kc7 {[%emt 0:00:28]} 63. Ra8 {[%emt 0:00:26]} Kb7 {[%emt 0:01:00]} 64. Rf8 {[%emt 0:00:19]} Kc6 {[%emt 0:01:23]} 65. Rf6+ {[%emt 0:00:07]} Kc7 {[%emt 0:00:14]} 66. Kd5 {[%emt 0:00:03]} Kd7 {[%emt 0:01:19]} 67. Rf8 {[%emt 0:00:29]} Re1 {[%emt 0:01:06]} 68. Ra8 {[%emt 0:00:51]} Re7 {[%emt 0:00:45]} 69. Rb8 {[%emt 0:00:37]} Kc7 {[%emt 0:00:09]} 70. Rh8 {[%emt 0:01:10]} Kd7 {[%emt 0:01:18]} 71. Rf8 {[%emt 0:00:33]} 1/2-1/2

[Event "WYCC 2018 G18"]
[Site "Halkidiki"]
[Date "2018.10.30"]
[Round "11"]
[White "Antolak, Julia"]
[Black "Tejaswini, Sagar"]
[Result "0-1"]
[WhiteElo "2240"]
[BlackElo "2139"]
[Annotator "NA"]
[PlyCount "132"]
[EventDate "2018.10.20"]
[EventType "swiss"]
[EventCountry "GRE"]
[SourceTitle "playchess.com"]
[Source "ChessBase"]
[SourceQuality "1"]
[TimeControl "40/5400+30:1800+30"]

1. e4 {[%emt 0:00:00]} e5 {[%emt 0:00:00]} 2. Nf3 {[%emt 0:00:00]} Nc6 {[%emt 0:00:00]} 3. Bb5 {[%emt 0:00:00]} a6 {[%emt 0:00:00]} 4. Ba4 {[%emt 0:00:00]} Nf6 {[%emt 0:00:00]} 5. O-O {[%emt 0:00:07]} Be7 {[%emt 0:00:00]} 6. Re1 {[%emt 0:00:06]} b5 {[%emt 0:00:00]} 7. Bb3 {[%emt 0:00:03]} d6 {[%emt 0:00:04]} 8. c3 {[%emt 0:00:04]} O-O {[%emt 0:00:11]} 9. h3 {[%emt 0:00:07]} Nb8 {[%emt 0:00:15]} 10. d4 {[%emt 0:00:39]} Nbd7 {[%emt 0:00:17]} 11. c4 {[%emt 0:02:00]} c6 {[%emt 0:00:19]} 12. a3 {[%emt 0:00:11]} bxc4 {[%emt 0:00:15] C95: Closed Ruy Lopez: Breyer Variation with 10 d4} (12... Bb7 13. Nc3 Re8 14. dxe5 Nxe5 15. Nxe5 dxe5 16. Be3 Qxd1 17. Rexd1 Kf8 18. f3 Red8 19. Kf1 Ke8 20. Rac1 Rxd1+ 21. Nxd1 {1-0 (48) Lu,S (2640)-Zhao,J (2601) China 2018}) 13. Bxc4 {[%emt 0:00:08]} Nxe4 {[%emt 0:00:24]} 14. dxe5 {[%emt 0:00:41]} d5 {[%emt 0:00:10]} 15. Bd3 {[%emt 0:02:13]} Ndc5 {[%emt 0:00:37]} 16. Bc2 {[%emt 0:01:33]} a5 {[%emt 0:02:28]} 17. Nbd2 $146 {[%emt 0:12:39]} ({Predecessor:} 17. Nd4 Qc7 18. f3 Ng5 19. Nc3 Rb8 20. Rb1 {½-½ (44) Kremenietsky,A-Baikov,V Soviet Union 1974}) 17... f5 {[%emt 0:11:13]} 18. exf6 {[%emt 0:01:26]} Nxf6 {[%emt 0:00:54]} 19. Nd4 {[%emt 0:05:16]} Bd7 {[%emt 0:01:34]} 20. N2f3 {[%emt 0:00:38]} Nce4 {[%emt 0:04:52]} 21. Ne5 {[%emt 0:13:03]} Bc5 {[%emt 0:08:35]} 22. Be3 {[%emt 0:05:26]} Qc7 {[%emt 0:04:57]} 23. Nxd7 {[%emt 0:05:40]} Qxd7 {[%emt 0:00:12]} 24. Rc1 {[%emt 0:01:37]} Bxd4 {[%emt 0:10:54]} 25. Bxd4 {[%emt 0:00:31]} Rac8 {[%emt 0:05:43]} 26. Ba4 {[%emt 0:17:53]} Qb7 {[%emt 0:09:26]} 27. b4 {[%emt 0:04:19]} axb4 {[%emt 0:03:33]} 28. axb4 {[%emt 0:00:05]} Qxb4 {[%emt 0:04:49]} 29. Bxc6 {[%emt 0:01:33]} Qd6 {[%emt 0:01:45]} 30. Qa4 {[%emt 0:02:44]} Nh5 {[%emt 0:08:16]} 31. Qb5 {[%emt 0:05:45]} Nf4 {[%emt 0:01:33]} 32. Be3 {[%emt 0:01:39]} Kh8 {[%emt 0:02:31]} 33. Bxf4 {[%emt 0:09:43]} Qxf4 {[%emt 0:00:30]} 34. Qxd5 {[%emt 0:02:55]} Qxf2+ {[%emt 0:01:34]} 35. Kh2 {[%emt 0:02:17]} Qg3+ {[%emt 0:00:21]} 36. Kg1 {[%emt 0:00:33]} Nf2 {[%emt 0:07:33]} 37. Qh5 {[%emt 0:01:48]} Nd3 {[%emt 0:07:51]} 38. Be4 {[%emt 0:00:22]} g6 {[%emt 0:00:14]} 39. Bxg6 {[%emt 0:01:36]} Qxg6 {[%emt 0:00:46]} 40. Qxg6 {[%emt 0:00:00]} hxg6 {[%emt 0:00:00]} 41. Rxc8 {[%emt 0:00:14]} Rxc8 {[%emt 0:00:11]} 42. Re2 {[%emt 0:01:23]} Kg7 {[%emt 0:00:19]} 43. Rd2 {[%emt 0:01:58]} Rc3 {[%emt 0:02:13]} 44. Kh2 {[%emt 0:00:30]} Kf6 {[%emt 0:00:11]} 45. Ra2 {[%emt 0:00:58]} Kf5 {[%emt 0:01:29]} 46. Ra5+ {[%emt 0:00:45]} Ne5 {[%emt 0:00:33]} 47. Ra2 {[%emt 0:00:11]} Nd3 {[%emt 0:02:14]} 48. Ra5+ {[%emt 0:00:09]} Rc5 {[%emt 0:00:47]} 49. Ra2 {[%emt 0:00:46]} Re5 {[%emt 0:01:38]} 50. Ra3 {[%emt 0:02:46]} Nf4 {[%emt 0:01:50]} 51. Kg3 {[%emt 0:02:15]} Rd5 {[%emt 0:00:38]} 52. Kf2 {[%emt 0:02:36]} g5 {[%emt 0:03:06]} 53. Ra2 {[%emt 0:01:04]} Rc5 {[%emt 0:02:33]} 54. Kg3 {[%emt 0:01:51]} Rc3+ {[%emt 0:00:13]} 55. Kh2 {[%emt 0:00:41]} Re3 {[%emt 0:00:57]} 56. Ra5+ {[%emt 0:05:16] [#]} Re5 $1 {[%emt 0:01:07]} 57. Ra2 {[%emt 0:01:52]} Re2 {[%emt 0:00:48]} 58. Rxe2 {[%emt 0:04:11]} Nxe2 {[%emt 0:00:03]} 59. g3 {[%emt 0:01:15]} Nd4 {[%emt 0:01:52]} 60. Kg2 {[%emt 0:00:19]} Ke4 {[%emt 0:00:10]} 61. Kf2 {[%emt 0:00:29]} Nf5 {[%emt 0:00:10]} 62. g4 {[%emt 0:00:20]} Nh4 {[%emt 0:00:41]} (62... Ne7 $19 63. Ke2 Ng6) 63. Ke2 {[%emt 0:00:11]} Kf4 {[%emt 0:00:22]} 64. Kf2 {[%emt 0:00:02]} Ng6 {[%emt 0:00:17]} 65. Kg2 {[%emt 0:00:07]} Ke3 {[%emt 0:00:26]} 66. Kg3 {[%emt 0:00:04]} Nh4 {[%emt 0:00:19]} 0-1

[Event "WYCC 2018 G18"]
[Site "Halkidiki"]
[Date "2018.10.30"]
[Round "11"]
[White "Dimitrova, Aleksandra"]
[Black "Di Benedetto, Desiree"]
[Result "1-0"]
[WhiteElo "2228"]
[BlackElo "2321"]
[Annotator "TA"]
[PlyCount "73"]
[EventDate "2018.10.20"]
[EventType "swiss"]
[EventCountry "GRE"]
[SourceTitle "playchess.com"]
[Source "ChessBase"]
[SourceQuality "1"]

{[%evp 17,73,30,33,10,10,8,10,7,7,10,7,5,8,8,11,-1,8,10,17,18,20,24,32,16,23,15,21,25,24,0,27,0,22,22,18,19,43,43,65,64,92,62,63,50,57,70,413,418,429,406,718,704,675,694,664,641,1452,1061]} 1. e4 e6 2. d4 d5 3. Nd2 c5 4. Ngf3 Nc6 5. exd5 exd5 6. Bb5 Qe7+ 7. Be2 Qc7 {C09: French Tarrasch: 3...c5 4 exd5 exd5 5 Ngf3 Nc6} 8. O-O Nf6 9. Re1 (9. Bb5 cxd4 10. Re1+ Be7 11. Qe2 a6 12. Bxc6+ bxc6 13. Nxd4 Ra7 14. Qe5 c5 15. Nf5 Qxe5 16. Rxe5 Bxf5 17. Rxf5 {½-½ (41) Mamedov,R (2678)-Harikrishna,P (2733) Antalya 2017}) 9... Be6 {LiveBook: 19 Games. White has an edge.} 10. Nf1 Bd6 11. dxc5 Bxc5 12. Be3 Bd6 $146 ({Predecessor:} 12... Qb6 13. Bxc5 Qxc5 14. c3 O-O 15. Nd4 {½-½ (15) Jansa,V (2451)-Baklan,V (2595) Benasque 2018}) 13. Nd4 Be5 14. c3 O-O 15. Nf3 Bd6 16. Bd4 Nxd4 17. Nxd4 a6 18. Bf3 Rae8 19. g3 Bd7 20. Ne3 Re5 21. Bg2 Rfe8 22. Nf3 Rh5 23. Nd4 Rhe5 24. Nf3 Rh5 25. Nc2 {[%cal Be3c2,Bc2e1,Be1d3][%mdl 32]} Rxe1+ 26. Ncxe1 Ne4 27. Nd3 Rh6 28. Nd4 {[%cal Bf3d4,Bd4f5,Bf5e7][%mdl 32]} Rg6 29. Qe2 f5 30. f3 Ng5 31. Re1 Bxg3 $2 {[%mdl 8192]} ({Black should try} 31... Rf6 $14) 32. hxg3 $18 Qxg3 {[#] White must now prevent ...Nh3+.} 33. Nxf5 $1 {[%mdl 512]} Nxf3+ (33... Nh3+ $142 34. Kh1 (34. Kf1 $2 Qh2 $19) 34... Nf2+ 35. Qxf2 Qxf2 36. Nxf2 Bxf5) (33... Bxf5 34. Qe8#) 34. Qxf3 {White is clearly winning.} Qxf3 35. Ne7+ Kf7 {[%csl Gg6][%cal Rf3g2]} 36. Ne5+ Kf6 {[%csl Gg6][%cal Rf3g2]} 37. Nxf3 {Precision: White = 61%, Black = 37%.} 1-0

[Event "WYCC 2018 G18"]
[Site "Halkidiki"]
[Date "2018.10.30"]
[Round "11"]
[White "Martynkova, Olena"]
[Black "Sargsyan, Anna M."]
[Result "1/2-1/2"]
[WhiteElo "2188"]
[BlackElo "2331"]
[Annotator "TA"]
[PlyCount "142"]
[EventDate "2018.10.20"]
[EventType "swiss"]
[EventCountry "GRE"]
[SourceTitle "playchess.com"]
[Source "ChessBase"]
[SourceQuality "1"]

{[%evp 28,142,5,4,15,20,23,24,25,28,16,20,56,22,15,21,48,43,59,37,45,0,0,0,0,0,0,-11,-14,-11,0,-31,-29,-29,-27,-39,-36,-82,-20,-20,-20,-29,-20,-20,-8,-8,-8,-8,-8,-20,-20,-35,-20,-47,-47,-97,-39,-170,-175,-225,-214,-232,-225,-232,-219,-224,-163,-486,-467,-1056,-1041,-768,-768,-750,-540,-1459,-1239,-1151,-1112,-1047,-874,-872,-838,-334,-8,-8,-8,-8,-8,-8,-8,-8,-8,-8,-8,-8,-8,-8,-8,-8,-8,-8,-8,-8,-8,-8,-8,-8,-8,-8,-8,-8,-8,-8,-8,-8,0]} 1. d4 d5 2. c4 c6 3. Nf3 Nf6 4. Nc3 dxc4 5. a4 Bf5 6. e3 e6 7. Bxc4 Bb4 8. O-O Nbd7 9. Qe2 O-O 10. e4 Bg6 11. Bd3 Re8 12. e5 {D19: Slav Defence: 5 a4 Bf5 6 e3: Main line with 9 Qe2} Bxd3 13. Qxd3 Nd5 14. Nxd5 cxd5 15. Qb5 {LiveBook: 3 Games} Qe7 16. Bg5 f6 17. exf6 gxf6 18. Bh4 a6 $1 {[%cal Ra6b5]} 19. Qe2 $146 ({Predecessor:} 19. Qxb7 Reb8 {½-½ (52) Petrosyan,T (2460)-Andriasian,Z (2586) Yerevan 2018}) 19... Rac8 20. Rac1 (20. Ne5 $5) 20... Qf7 21. h3 Nf8 22. Nh2 h5 23. Rfd1 Kg7 24. Nf1 {Hoping for Ng3.} Ng6 $36 {[%mdl 2048] Threatens to win with ...Rxc1. Black has good play.} 25. Bg3 h4 26. Bh2 Qd7 27. b3 Rxc1 28. Rxc1 Rc8 29. Rc2 Rxc2 30. Qxc2 Qc6 31. Ne3 Qc3 32. Qd1 Qe1+ ({Black should try} 32... f5 $17 33. Qc2 Qa1+ 34. Qd1 Qxd1+ 35. Nxd1 f4) 33. Qxe1 $11 Bxe1 {[%mdl 4096] Endgame KBN-KBN} 34. Kf1 Bc3 35. Nc2 e5 36. dxe5 fxe5 37. Ne3 Ne7 38. f3 Kf6 39. Ke2 Ke6 40. Kd3 Bd4 41. Nc2 Bc5 (41... Bf2 $17) 42. g3 (42. Ne3 $15) 42... Bd6 $1 $19 43. Kd2 {[#]} e4 $1 44. fxe4 hxg3 ({Don't take} 44... dxe4 45. Nd4+ Kf6 46. Ne2) 45. exd5+ Kxd5 46. Bg1 Ng6 47. Be3 $2 (47. Ne3+ Ke4 48. Ng2) 47... g2 48. Ne1 (48. b4 $142 Bh2 49. Nd4) 48... Bb4+ 49. Kd1 Bxe1 50. Kxe1 {KB-KN} Ke4 51. Bb6 {Kf2 would now be nice for White.} Kf3 52. Kd2 Nf4 53. h4 Nh3 54. Ke1 Kg4 55. Ke2 {[#]} Kxh4 $2 (55... Nf4+ $1 $19 56. Kf2 Kxh4) 56. Kf3 $11 {The position is equal.} g1=Q 57. Bxg1 Nxg1+ {KN-KPP} 58. Ke4 Ne2 59. Kd5 $1 Nc1 60. b4 $1 Nd3 61. Kc4 Nb2+ 62. Kb3 Nd1 {White must now prevent ...b5.} 63. a5 Ne3 {[#]} 64. b5 $1 {[%mdl 512]} Kg5 (64... axb5 65. Kb4) 65. Kb4 Kf5 66. bxa6 $1 bxa6 {KN-KP} 67. Kc5 Ke5 68. Kb6 Kd6 69. Kxa6 Kc6 70. Ka7 Kc7 71. Ka6 Kc6 {Precision: White = 58%, Black = 70%.} 1/2-1/2